| 000 | 00677nam a2200193 4500 | ||
|---|---|---|---|
| 001 | 132905 | ||
| 003 | ES-MaACL | ||
| 005 | 20250902102519.0 | ||
| 007 | t| | ||
| 008 | 070214s1933 sp r ||||1| spa d | ||
| 100 | 1 |
_aRoyo Gómez, José, _d1895-1961 _9100228 |
|
| 245 | 1 | 0 |
_aSobre el mal llamado `diluvial` de la cuenca del Duero / _cJ. Royo Gómez. |
| 260 |
_aMadrid : _b[s. n.], _c1933. |
||
| 300 |
_a1 h. ; _c24 cm. |
||
| 500 | _aPublicado en el Boletín de la Sociedad Española de Historia Natural, t. XXXIII, p. 271-72. | ||
| 710 | 2 |
_aReal Sociedad Española de Historia Natural _96397 |
|
| 852 |
_aES-MaACL _j1833-F-27 _bR.18555 |
||
| 999 |
_c132905 _d132905 |
||